00354nam a2200133 a 4500008004100000050001700041100002200058245005200080260003600132300002000168350001000188650000900198650001300207180919s1994 ||||||||||||||||| || u aB 385.A5 Pla aWaterfield, Robin10aPlato symposiumcTranslated by Robin Waterfield aLondonbThe Folio Societyc1994 ali, 111p.: ill. a17.40 aLOVE aSOCRATES